[Event "Heusenstamm Schloss op"]
[Site "Heusenstamm"]
[Date "2023.11.25"]
[Round "5"]
[White "Peri, Jean Christophe"]
[Black "Poetsch, Leonore"]
[Result "1/2-1/2"]
[WhiteElo "1667"]
[BlackElo "1957"]
[PlyCount "53"]
[EventDate "2023.11.23"]
[EventType "swiss"]
[EventRounds "7"]
[EventCountry "GER"]
[SourceTitle "CB50_2023"]
[SourceDate "2023.12.13"]
[SourceVersion "1"]
[SourceVersionDate "2023.12.13"]
[SourceQuality "1"]

1. d4 d5 2. c4 c6 3. e3 Nf6 4. Nc3 Bg4 5. Be2 Bxe2 6. Qxe2 e6 7. Nf3 Bd6 8. e4 dxe4 9. Nxe4 Be7 10. 0-0 Nbd7 11. Nc3 0-0 12. b3 Re8 13. Bb2 Qc7 14. Rac1 Rad8 15. Rfd1 Qb8 16. Qc2 c5 17. d5 exd5 18. Nxd5 Nxd5 19. Rxd5 b6 20. Rcd1 Nf6 21. Rxd8 Rxd8 22. h3 h6 23. Ne5 Rxd1+ 24. Qxd1 Qc8 25. Qf3 a6 26. Qd3 Qe6 27. f4 1/2-1/2

[Event "GER-chT U20 Girls"]
[Site "Willingen"]
[Date "2021.06.26"]
[Round "5.2"]
[White "Poetsch, Leonore"]
[Black "Peglau, Dora"]
[Result "1/2-1/2"]
[WhiteElo "1980"]
[BlackElo "1673"]
[PlyCount "113"]
[EventDate "2021.06.23"]
[EventType "team-swiss"]
[EventRounds "7"]
[EventCountry "GER"]
[SourceTitle "CBM 203 Extra"]
[Source "ChessBase"]
[SourceDate "2021.09.30"]
[SourceVersion "1"]
[SourceVersionDate "2021.09.30"]
[SourceQuality "1"]
[WhiteTeam "Langen"]
[BlackTeam "Seeblick"]
[WhiteTeamCountry "GER"]
[BlackTeamCountry "GER"]

1. e4 c6 2. Nf3 d5 3. Nc3 dxe4 4. Nxe4 Nd7 5. d4 Ngf6 6. Bd3 Nxe4 7. Bxe4 Nf6 8. Bd3 Bg4 9. c3 e6 10. Bg5 Qd5 11. Bxf6 Bxf3 12. gxf3 gxf6 13. Be4 Qb5 14. Qb3 0-0-0 15. Qxb5 cxb5 16. a4 b4 17. a5 f5 18. Bc2 Kb8 19. a6 b6 20. Ke2 Bg7 21. Rhd1 Rc8 22. Rd3 Rhd8 23. f4 bxc3 24. bxc3 Bxd4 25. Rad1 Bf6 26. Rd7 Rxd7 27. Rxd7 Rxc3 28. Bd3 Rc7 29. Bb5 Rxd7 30. Bxd7 Bd4 31. Be8 f6 32. Bd7 e5 33. Bxf5 h6 34. fxe5 Bxe5 35. h4 Kc7 36. Kd3 b5 37. Ke4 Kb6 38. Bc8 b4 39. Kd3 b3 40. Kd2 Kb5 41. Kc1 Bd4 42. f3 h5 43. Be6 Bf2 44. Bf7 Bxh4 45. Bxh5 Bg3 46. Kb2 Kb4 47. Bg6 Be5+ 48. Kb1 Kb5 49. Bd3+ Kc5 50. Be4 Kc4 51. Bb7 Kc5 52. Be4 Bd4 53. Bb7 f5 54. Bc8 Kb6 55. Bb7 f4 56. Kc1 Kb5 57. Kb1 1/2-1/2

[Event "GER-chT Lands U20"]
[Site "Berlin"]
[Date "2020.09.30"]
[Round "2.1"]
[White "Hommer, Jeremy"]
[Black "Poetsch, Leonore"]
[Result "0-1"]
[WhiteElo "2246"]
[BlackElo "1984"]
[PlyCount "126"]
[EventDate "2020.09.29"]
[EventType "team-swiss"]
[EventRounds "7"]
[EventCountry "GER"]
[SourceTitle "CBM 198 Extra"]
[Source "ChessBase"]
[SourceDate "2020.11.30"]
[SourceVersion "1"]
[SourceVersionDate "2020.11.30"]
[SourceQuality "1"]
[WhiteTeam "Niedersachsen U20"]
[BlackTeam "Hessen U20"]
[WhiteTeamCountry "GER"]
[BlackTeamCountry "GER"]

1. d4 d5 2. Bf4 Nf6 3. e4 Bf5 4. c4 e6 5. Nc3 c6 6. Qb3 b6 7. Nf3 Nbd7 8. h3 Be7 9. Be2 0-0 10. 0-0 dxc4 11. Bxc4 c5 12. Qd1 a6 13. a4 Qc8 14. Qe2 Nxe4 15. d5 Nxc3 16. bxc3 Nf6 17. d6 Bd8 18. Rfd1 Ne4 19. Rac1 Bf6 20. Ne5 Rd8 21. f3 Nxd6 22. Rxd6 Rxd6 23. Qe4 Bxh3 24. gxh3 Bxe5 25. Bxe5 Rd7 26. Kh1 Kh8 27. Rg1 f6 28. Bf4 e5 29. Be3 Rd6 30. Kh2 Qd7 31. Ra1 Qc8 32. Bd5 Rb8 33. Rb1 f5 34. c4 f4 35. Bd2 Rh6 36. Qe1 Qe8 37. Bc3 Rh5 38. a5 bxa5 39. Rxb8 Qxb8 40. Bxa5 Rg5 41. Be6 Rg6 42. Bd5 Qb2+ 43. Kh1 Rg3 44. Be6 Qa3 45. Bc7 Rxf3 46. Qg1 Qd3 47. Bxe5 Rg3 48. Bxg7+ Rxg7 49. Bg4 Qe4+ 50. Kh2 h5 51. Qd1 hxg4 52. Qd8+ Kh7 53. Qh4+ Kg8 54. Qd8+ Kf7 55. Qd7+ Qe7 56. Qf5+ Kg8 57. Qc8+ Kh7 58. Qf5+ Rg6 59. hxg4 Qe2+ 60. Kh1 Qf3+ 61. Kh2 Qg3+ 62. Kh1 Qh3+ 63. Kg1 Qxg4+ 0-1

[Event "GER-ch U18 Girls"]
[Site "Willingen"]
[Date "2019.06.10"]
[Round "3"]
[White "Poetsch, Leonore"]
[Black "Ratay, Meike"]
[Result "0-1"]
[WhiteElo "1953"]
[BlackElo "1991"]
[PlyCount "42"]
[EventDate "2019.06.08"]
[EventType "swiss"]
[EventRounds "9"]
[EventCountry "GER"]
[SourceTitle "CBM 191 Extra"]
[Source "ChessBase"]
[SourceDate "2019.09.30"]
[SourceVersion "1"]
[SourceVersionDate "2019.09.30"]
[SourceQuality "1"]

1. e4 c5 2. Nf3 d6 3. d4 Nf6 4. Nc3 cxd4 5. Nxd4 a6 6. Bg5 Nbd7 7. Qf3 h6 8. Bxf6 Nxf6 9. 0-0-0 Bg4 10. Qd3 Bxd1 11. Qxd1 Qc7 12. Bd3 e6 13. f4 Be7 14. g4 0-0-0 15. Qf3 d5 16. e5 Nd7 17. Re1 Bb4 18. Nde2 d4 19. Nxd4 Bxc3 20. bxc3 Qxc3 21. Qf2 Nc5 0-1

[Event "BL2 Sued 1819 (Women)"]
[Site "Germany"]
[Date "2018.11.18"]
[Round "4.2"]
[White "Dietzen, Corinna"]
[Black "Poetsch, Leonore"]
[Result "0-1"]
[WhiteElo "2000"]
[BlackElo "2005"]
[PlyCount "28"]
[EventDate "2018.10.27"]
[EventType "team-tourn"]
[EventRounds "7"]
[EventCountry "GER"]
[SourceTitle "CBM 190 Extra"]
[Source "ChessBase"]
[SourceDate "2019.07.15"]
[SourceVersion "1"]
[SourceVersionDate "2019.07.15"]
[SourceQuality "1"]
[WhiteTeam "Wadgassen/Differten (W)"]
[BlackTeam "Langen (W)"]
[WhiteTeamCountry "GER"]
[BlackTeamCountry "GER"]

1. e4 e6 2. d4 d5 3. Nd2 Nf6 4. e5 Nfd7 5. Bd3 c5 6. c3 Nc6 7. Ngf3 Qb6 8. c4 cxd4 9. cxd5 Ncxe5 10. Nxe5 Nxe5 11. Be4 f5 12. Bxf5 exf5 13. Qc2 Bd6 14. Nc4 Qb4+ 0-1

[Event "BL2 Sued 1819 (Women)"]
[Site "Germany"]
[Date "2018.10.28"]
[Round "2.4"]
[White "Poetsch, Leonore"]
[Black "Reuter, Elisa"]
[Result "0-1"]
[WhiteElo "2042"]
[BlackElo "1786"]
[PlyCount "150"]
[EventDate "2018.10.27"]
[EventType "team-tourn"]
[EventRounds "7"]
[EventCountry "GER"]
[SourceTitle "CBM 190 Extra"]
[Source "ChessBase"]
[SourceDate "2019.07.15"]
[SourceVersion "1"]
[SourceVersionDate "2019.07.15"]
[SourceQuality "1"]
[WhiteTeam "Langen (W)"]
[BlackTeam "Erfurt Medizin (W)"]
[WhiteTeamCountry "GER"]
[BlackTeamCountry "GER"]

1. e4 c5 2. c3 Nf6 3. e5 Nd5 4. d4 cxd4 5. cxd4 e6 6. Nc3 Nxc3 7. bxc3 Qc7 8. Bd2 b6 9. Nf3 Bb7 10. Bd3 d6 11. exd6 Bxd6 12. 0-0 Nd7 13. h3 0-0 14. c4 Nf6 15. Rc1 Rac8 16. Re1 Bf4 17. Ne5 Bxd2 18. Qxd2 Rfd8 19. Qf4 Ba8 20. Re3 Qb7 21. Qg5 h6 22. Qg3 Nh5 23. Qh2 Rxd4 24. Be2 Nf6 25. Bf3 Qc7 26. Bxa8 Rxa8 27. Nf3 Qxh2+ 28. Kxh2 Rd7 29. c5 Rc7 30. Rec3 Rac8 31. c6 Nd5 32. Rc4 Ne7 33. Nd4 e5 34. Nb5 Rxc6 35. Rxc6 Rxc6 36. Rd1 a6 37. Rd8+ Kh7 38. Rd7 axb5 39. Rxe7 f6 40. Rb7 Kg6 41. Kg3 b4 42. Kf3 f5 43. g4 fxg4+ 44. hxg4 Kf6 45. Kg3 b3 46. axb3 Rc3+ 47. f3 Rxb3 48. Kf2 g6 49. Rh7 Kg5 50. Re7 Rb5 51. Kg3 Rc5 52. Rb7 b5 53. Rb6 h5 54. gxh5 gxh5 55. Rb8 h4+ 56. Kh3 Rc3 57. Rg8+ Kf4 58. Rf8+ Ke3 59. Kxh4 Rc4+ 60. Kg5 Rf4 61. Rb8 b4 62. Rb5 Kxf3 63. Rxe5 Re4 64. Rb5 Ke3 65. Kf5 Kd3 66. Rb8 Rc4 67. Ke5 Kc3 68. Kd5 b3 69. Rb6 Rb4 70. Rc6+ Kd3 71. Rh6 b2 72. Rh3+ Kc2 73. Rh2+ Kb3 74. Rh3+ Ka2 75. Rh2 Ka1 0-1

[Event "GER-chT Federal Cup (Women)"]
[Site "Braunfels"]
[Date "2018.05.31"]
[Round "1.4"]
[White "Morio, Estelle"]
[Black "Poetsch, Leonore"]
[Result "1-0"]
[WhiteElo "1825"]
[BlackElo "1902"]
[PlyCount "67"]
[EventDate "2018.05.31"]
[EventType "team-swiss"]
[EventRounds "5"]
[EventCountry "GER"]
[SourceTitle "EXT 2020"]
[Source "ChessBase"]
[SourceDate "2019.10.17"]
[SourceVersion "1"]
[SourceVersionDate "2019.10.17"]
[SourceQuality "1"]
[WhiteTeam "Rheinland Pfalz (W)"]
[BlackTeam "Hessen (W)"]
[WhiteTeamCountry "GER"]
[BlackTeamCountry "GER"]

1. f4 d5 2. Nf3 c5 3. e3 Nc6 4. Bb5 Bg4 5. b3 Nf6 6. Bb2 e6 7. 0-0 Be7 8. Bxc6+ bxc6 9. d3 0-0 10. Nbd2 Qb6 11. Qe1 Rfd8 12. Ne5 Bf5 13. Kh1 c4 14. e4 dxe4 15. dxe4 Bg6 16. Ndxc4 Qc7 17. Nxg6 hxg6 18. Qe2 a5 19. a4 Qb7 20. Rad1 Rxd1 21. Rxd1 c5 22. Re1 Nd7 23. Bc3 Qc7 24. Qd2 Bd8 25. Rd1 Nb6 26. Bxa5 Nxc4 27. Qxd8+ Rxd8 28. Rxd8+ Qxd8 29. Bxd8 Nd6 30. e5 Nc8 31. Bc7 f6 32. Bd6 c4 33. b4 Kf7 34. Kg1 1-0

[Event "GER-ch U18 Girls"]
[Site "Willingen"]
[Date "2018.05.24"]
[Round "7"]
[White "Poetsch, Leonore"]
[Black "Halas, Julia"]
[Result "0-1"]
[WhiteElo "1891"]
[BlackElo "1969"]
[PlyCount "86"]
[EventDate "2018.05.19"]
[EventType "swiss"]
[EventRounds "9"]
[EventCountry "GER"]
[SourceTitle "CBM 184 Extra"]
[Source "ChessBase"]
[SourceDate "2018.06.28"]
[SourceVersion "1"]
[SourceVersionDate "2018.06.28"]
[SourceQuality "1"]

1. e4 e6 2. d4 d5 3. Nd2 Nf6 4. e5 Nfd7 5. Bd3 c5 6. c3 Nc6 7. Ne2 cxd4 8. cxd4 f6 9. Nf4 Nxd4 10. Qh5+ Ke7 11. exf6+ Nxf6 12. Ng6+ hxg6 13. Qxh8 Kf7 14. 0-0 e5 15. Nb3 Nxb3 16. axb3 Qd6 17. Qh4 Bd7 18. Bg5 Bc6 19. Rad1 Re8 20. f3 Qc5+ 21. Kh1 Re6 22. Rfe1 Bd6 23. b4 Qb6 24. Bxf6 Rxf6 25. b5 Bxb5 26. Bxb5 Qxb5 27. Rc1 Qd7 28. Red1 Qe6 29. Qa4 Rf4 30. Qxa7 Rb4 31. Qa2 d4 32. Qxe6+ Kxe6 33. Rc2 Kd5 34. Kg1 Rc4 35. Re2 b5 36. Rd3 b4 37. g3 Rc1+ 38. Kg2 Kc4 39. Rdd2 b3 40. f4 Bb4 41. fxe5 Bxd2 42. Rxd2 Rc2 43. Rf2 Kd5 0-1

[Event "GER-ch U18 Girls"]
[Site "Willingen"]
[Date "2018.05.23"]
[Round "6"]
[White "Arnhold, Steffi"]
[Black "Poetsch, Leonore"]
[Result "1/2-1/2"]
[WhiteElo "1880"]
[BlackElo "1891"]
[PlyCount "81"]
[EventDate "2018.05.19"]
[EventType "swiss"]
[EventRounds "9"]
[EventCountry "GER"]
[SourceTitle "CBM 184 Extra"]
[Source "ChessBase"]
[SourceDate "2018.06.28"]
[SourceVersion "1"]
[SourceVersionDate "2018.06.28"]
[SourceQuality "1"]

1. e4 e6 2. d4 d5 3. Nc3 Nf6 4. Bg5 Bb4 5. e5 h6 6. Bh4 g5 7. Bg3 Ne4 8. Nge2 Nc6 9. f3 Nxc3 10. Nxc3 Bxc3+ 11. bxc3 Qe7 12. h4 Bd7 13. hxg5 Qxg5 14. Bf2 0-0-0 15. Qd3 Rde8 16. Bh4 Qg6 17. Rb1 Ne7 18. Qxg6 Nxg6 19. Bf6 Rh7 20. Bd3 c5 21. dxc5 Kb8 22. Kd2 Ka8 23. Rh2 Rc8 24. Rbh1 Rxc5 25. Rxh6 Rxh6 26. Rxh6 Be8 27. g4 a6 28. Bxg6 fxg6 29. Rh8 Rc8 30. Rg8 Ka7 31. Be7 a5 32. Bd6 Ka6 33. Rf8 Bd7 34. Rf7 Ba4 35. Kd3 Bb5+ 36. Kd2 Rh8 37. Re7 Rh2+ 38. Kc1 Ba4 39. Rxe6 Rxc2+ 40. Kb1 Rxc3 41. Rxg6 1/2-1/2

[Event "BL2 Sued 1718 (Women)"]
[Site "Germany"]
[Date "2018.02.17"]
[Round "6.2"]
[White "Poetsch, Leonore"]
[Black "Henschel, Anke"]
[Result "1/2-1/2"]
[WhiteElo "1949"]
[BlackElo "2001"]
[PlyCount "91"]
[EventDate "2017.10.14"]
[EventType "team-tourn"]
[EventRounds "7"]
[EventCountry "GER"]
[SourceTitle "EXT 2019"]
[Source "ChessBase"]
[SourceDate "2018.10.10"]
[SourceVersion "1"]
[SourceVersionDate "2018.10.10"]
[SourceQuality "1"]
[WhiteTeam "Langen (W)"]
[BlackTeam "Wadgassen/Differten (W)"]
[WhiteTeamCountry "GER"]
[BlackTeamCountry "GER"]

1. e4 d5 2. exd5 Qxd5 3. Nc3 Qa5 4. d4 c6 5. Nf3 Nf6 6. Bd2 Bf5 7. Bc4 e6 8. 0-0 Qc7 9. Re1 Be7 10. Ne2 Nd5 11. c3 Bd6 12. Ng3 Bg6 13. Qb3 0-0 14. Rad1 a5 15. a4 Nd7 16. Ne4 Be7 17. Bg5 Bxg5 18. Nexg5 h6 19. Ne4 b6 20. Bd3 Rfd8 21. Ng3 Bxd3 22. Rxd3 c5 23. Qd1 cxd4 24. Nxd4 Nc5 25. Rd2 Nf4 26. Ne4 Rac8 27. Nb5 Rxd2 28. Qxd2 Nxe4 29. Rxe4 Qd8 30. Rd4 Nd5 31. c4 Qg5 32. f4 Qf5 33. cxd5 Qb1+ 34. Kf2 Rc2 35. d6 Qxb2 36. Qxc2 Qxc2+ 37. Kg3 Qg6+ 38. Kf3 Qh5+ 39. Ke3 e5 40. fxe5 Qxe5+ 41. Kd3 Qf5+ 42. Kc3 Qc8+ 43. Rc4 Qe6 44. Rd4 Qc8+ 45. Kd2 Qd7 46. Kc3 1/2-1/2

[Event "BL2 Sued 1718 (Women)"]
[Site "Germany"]
[Date "2017.10.15"]
[Round "2.2"]
[White "Vidonyak, Nellya"]
[Black "Poetsch, Leonore"]
[Result "0-1"]
[WhiteElo "2133"]
[BlackElo "1949"]
[PlyCount "100"]
[EventDate "2017.10.14"]
[EventType "team-tourn"]
[EventRounds "7"]
[EventCountry "GER"]
[SourceTitle "EXT 2019"]
[Source "ChessBase"]
[SourceDate "2018.10.10"]
[SourceVersion "1"]
[SourceVersionDate "2018.10.10"]
[SourceQuality "1"]
[WhiteTeam "Muenchen Bayern (W)"]
[BlackTeam "Langen (W)"]
[WhiteTeamCountry "GER"]
[BlackTeamCountry "GER"]

1. d4 d5 2. c4 c6 3. Nf3 Bf5 4. Nc3 e6 5. g3 Nf6 6. Bg2 Be7 7. 0-0 0-0 8. Nh4 Bg4 9. h3 Bh5 10. Bg5 Nbd7 11. cxd5 exd5 12. Nf5 Bb4 13. a3 Ba5 14. b4 Bc7 15. Rc1 h6 16. Bh4 Bg6 17. Ne3 a6 18. Ng4 Bf5 19. Nxf6+ Nxf6 20. Bxf6 Qxf6 21. Nxd5 cxd5 22. Rxc7 Qb6 23. Rc5 Be4 24. f3 Bh7 25. f4 Be4 26. Bxe4 dxe4 27. e3 a5 28. b5 a4 29. f5 Qd6 30. Qg4 f6 31. Kg2 b6 32. Rc3 Qd5 33. Rc7 Rf7 34. Rxf7 Kxf7 35. Rc1 Kg8 36. h4 h5 37. Qe2 Qxf5 38. Rc7 Ra5 39. Qa2+ Kh7 40. d5 Rxb5 41. d6 Qe5 42. Qe2 Rd5 43. Ra7 Qxd6 44. Kh3 b5 45. Qa2 Qe6+ 46. Kh2 Rd6 47. Qc2 Rd3 48. Qc1 Qa2+ 49. Kh3 Rd2 50. Qh1 Qe6+ 0-1

[Event "BL2 Sued 1718 (Women)"]
[Site "Germany"]
[Date "2017.10.14"]
[Round "1.3"]
[White "Gamisch, Laura"]
[Black "Poetsch, Leonore"]
[Result "1/2-1/2"]
[WhiteElo "1872"]
[BlackElo "1949"]
[PlyCount "66"]
[EventDate "2017.10.14"]
[EventType "team-tourn"]
[EventRounds "7"]
[EventCountry "GER"]
[SourceTitle "EXT 2019"]
[Source "ChessBase"]
[SourceDate "2018.10.10"]
[SourceVersion "1"]
[SourceVersionDate "2018.10.10"]
[SourceQuality "1"]
[WhiteTeam "Forstenried (W)"]
[BlackTeam "Langen (W)"]
[WhiteTeamCountry "GER"]
[BlackTeamCountry "GER"]

1. d4 d5 2. c4 c6 3. cxd5 cxd5 4. Nc3 Nf6 5. Nf3 Nc6 6. a3 Bf5 7. Qb3 Qb6 8. Qxb6 axb6 9. Bf4 e6 10. Rc1 Be7 11. e3 0-0 12. Bb5 Na5 13. Na4 Rfc8 14. 0-0 Bd8 15. Ne5 Nb3 16. Rc3 Rxc3 17. Nxc3 Bc7 18. Ba4 Nd2 19. Rc1 Bxe5 20. Bxe5 Nc4 21. Bc2 Bxc2 22. Rxc2 Nxe5 23. dxe5 Ng4 24. Nb5 Nxe5 25. Nd6 f6 26. Rc7 Nd3 27. b4 Nxb4 28. Rxb7 Nc6 29. Rxb6 Rxa3 30. Kf1 Rc3 31. Ke1 h5 32. Kd2 Rc5 33. Nb7 Rc4 1/2-1/2

[Event "Wch U16 Girls"]
[Site "Montevideo"]
[Date "2017.09.22"]
[Round "7"]
[White "Poetsch, Leonore"]
[Black "Chin, Angelica"]
[Result "1/2-1/2"]
[WhiteElo "1949"]
[BlackElo "1781"]
[PlyCount "71"]
[EventDate "2017.09.17"]
[EventType "swiss"]
[EventRounds "11"]
[EventCountry "URU"]
[SourceTitle "CBM 180 Extra"]
[Source "ChessBase"]
[SourceDate "2017.10.06"]
[SourceVersion "1"]
[SourceVersionDate "2017.10.06"]
[SourceQuality "1"]

1. e4 e6 2. d4 d5 3. Nd2 c5 4. c3 cxd4 5. cxd4 dxe4 6. Nxe4 Bb4+ 7. Nc3 Nc6 8. Nf3 Nf6 9. a3 Be7 10. Be2 0-0 11. 0-0 b6 12. b4 Bb7 13. b5 Na5 14. Bb2 Rc8 15. Rc1 Bxf3 16. Bxf3 Nc4 17. Qe2 Qxd4 18. Rfd1 Qc5 19. Bc6 Nxb2 20. Nd5 Qxa3 21. Ra1 Qc5 22. Rac1 Nxd1 23. Rxc5 Bxc5 24. Nxf6+ gxf6 25. Qxd1 a5 26. bxa6 Rxc6 27. Qg4+ Kh8 28. Qf3 Bxf2+ 29. Kxf2 Rc2+ 30. Kg3 Rg8+ 31. Kh3 Rg6 32. a7 Ra2 33. a8Q+ Rxa8 34. Qxa8+ Kg7 35. Qb7 f5 36. Qxb6 1/2-1/2

[Event "Wch U16 Girls"]
[Site "Montevideo"]
[Date "2017.09.20"]
[Round "5"]
[White "Conti, Anne Marie"]
[Black "Poetsch, Leonore"]
[Result "1/2-1/2"]
[WhiteElo "1854"]
[BlackElo "1949"]
[PlyCount "78"]
[EventDate "2017.09.17"]
[EventType "swiss"]
[EventRounds "11"]
[EventCountry "URU"]
[SourceTitle "CBM 180 Extra"]
[Source "ChessBase"]
[SourceDate "2017.10.06"]
[SourceVersion "1"]
[SourceVersionDate "2017.10.06"]
[SourceQuality "1"]

1. Nf3 d5 2. g3 Nf6 3. Bg2 Bf5 4. 0-0 e6 5. c4 c6 6. b3 Nbd7 7. Bb2 Be7 8. d3 0-0 9. Nbd2 a5 10. h3 Bg6 11. Rc1 b5 12. Nd4 Qb6 13. cxb5 cxb5 14. Nc6 Bc5 15. d4 Qxc6 16. dxc5 b4 17. Nf3 Ne4 18. Qd4 f6 19. Rfd1 Bf7 20. Qe3 Rac8 21. Nd4 Qa8 22. Bxe4 dxe4 23. c6 Nb8 24. Qxe4 e5 25. Nf5 Kh8 26. Qg4 Bg6 27. Ne7 Rc7 28. Nxg6+ hxg6 29. Qxg6 Nxc6 30. Rd6 Rfc8 31. Rcd1 Ne7 32. Qh5+ Kg8 33. Qg4 Kh8 34. Rd7 Rxd7 35. Rxd7 Rd8 36. Qe6 Rxd7 37. Qxd7 Nd5 38. Qb5 Nc7 39. Qd3 Qc6 1/2-1/2

[Event "Wch U16 Girls"]
[Site "Montevideo"]
[Date "2017.09.18"]
[Round "3"]
[White "Poetsch, Leonore"]
[Black "Mostacero Velarde, Isabella Maribel"]
[Result "1-0"]
[WhiteElo "1949"]
[BlackElo "1760"]
[PlyCount "113"]
[EventDate "2017.09.17"]
[EventType "swiss"]
[EventRounds "11"]
[EventCountry "URU"]
[SourceTitle "CBM 180 Extra"]
[Source "ChessBase"]
[SourceDate "2017.10.06"]
[SourceVersion "1"]
[SourceVersionDate "2017.10.06"]
[SourceQuality "1"]

1. e4 g6 2. d4 Bg7 3. Nf3 a6 4. c4 d6 5. Nc3 Nc6 6. Be3 e5 7. d5 Nce7 8. Be2 h6 9. 0-0 f5 10. exf5 gxf5 11. Qc2 Nf6 12. Rad1 0-0 13. b4 Ne8 14. c5 f4 15. Bc1 Nf5 16. a4 Kh8 17. Ne4 Nh4 18. Bb2 Bf5 19. Qc4 Nf6 20. Nxf6 Nxf3+ 21. Bxf3 Bxf6 22. Be4 Bxe4 23. Qxe4 Qe8 24. Rd3 Rg8 25. Rh3 Qg6 26. Re1 Kh7 27. Rc3 Qxe4 28. Rxe4 Rg7 29. a5 Rag8 30. g3 fxg3 31. hxg3 h5 32. Kf1 Bd8 33. c6 b5 34. axb6 cxb6 35. Ra3 Ra7 36. Ke2 Rg4 37. Rae3 Kg6 38. Kd3 b5 39. f4 Bb6 40. Rf3 Rf7 41. Bc1 Rf5 42. Be3 Bc7 43. Ba7 Rf8 44. Ke2 Ra8 45. Bf2 a5 46. bxa5 Rxa5 47. Rb3 Kf5 48. Kf3 Rg8 49. fxe5 dxe5 50. Reb4 Rb8 51. Bc5 Rd8 52. Rd3 Bd6 53. Bxd6 Rxd6 54. Ke3 Ra8 55. Rxb5 e4 56. Rc3 Rg6 57. Kd4 1-0

[Event "GER-ch U16 Girls"]
[Site "Willingen"]
[Date "2017.06.10"]
[Round "9"]
[White "Manco, Michela"]
[Black "Poetsch, Leonore"]
[Result "0-1"]
[WhiteElo "1773"]
[BlackElo "1946"]
[PlyCount "136"]
[EventDate "2017.06.04"]
[EventType "swiss"]
[EventRounds "9"]
[EventCountry "GER"]
[SourceTitle "CBM 178 Extra"]
[Source "ChessBase"]
[SourceDate "2017.06.22"]
[SourceVersion "1"]
[SourceVersionDate "2017.06.22"]
[SourceQuality "1"]

1. e4 e6 2. Qe2 c5 3. g3 Nc6 4. Nf3 Nge7 5. Bg2 g6 6. c3 Bg7 7. Na3 0-0 8. 0-0 d5 9. d3 a6 10. Nc2 b5 11. h4 Bb7 12. Bd2 Qb6 13. Ne3 d4 14. Ng4 h5 15. Ngh2 Rad8 16. Bh3 c4 17. cxd4 cxd3 18. Qxd3 Nxd4 19. Qb1 Qc6 20. Nxd4 Bxd4 21. Bb4 Rfe8 22. Bg2 Rc8 23. Nf3 Bg7 24. Bxe7 Rxe7 25. e5 Bxe5 26. Re1 Bg7 27. Re2 Rec7 28. Qd3 Qd5 29. Qe3 Qc5 30. Qxc5 Rxc5 31. Rd1 Bd5 32. b3 Rc2 33. Rdd2 Rxd2 34. Rxd2 b4 35. Nd4 Bxg2 36. Kxg2 a5 37. Nb5 Be5 38. Re2 Rc5 39. a4 bxa3 40. Nxa3 Kf8 41. Nc4 Bc7 42. Ra2 Ke7 43. Kf3 Kd7 44. Ke4 Kc6 45. Na3 f5+ 46. Kd4 e5+ 47. Kd3 Kd5 48. Nc2 e4+ 49. Ke2 Rb5 50. Ne3+ Kc5 51. Rc2+ Kb6 52. Nc4+ Kb7 53. Rc3 Be5 54. Nxe5 Rxe5 55. Ke3 Rd5 56. f3 exf3 57. Kxf3 Rd4 58. Ke2 Kb6 59. Re3 Re4 60. Kf3 Kb5 61. Rd3 Re6 62. Kf4 Kb4 63. Rd5 Ra6 64. Rd3 Rb6 65. Ke3 Ka3 66. Kf4 Rxb3 67. Rd6 Rb4+ 68. Kf3 Rg4 0-1

[Event "GER-ch U16 Girls"]
[Site "Willingen"]
[Date "2017.06.08"]
[Round "7"]
[White "Browning, Rebecca"]
[Black "Poetsch, Leonore"]
[Result "0-1"]
[WhiteElo "1784"]
[BlackElo "1946"]
[PlyCount "88"]
[EventDate "2017.06.04"]
[EventType "swiss"]
[EventRounds "9"]
[EventCountry "GER"]
[SourceTitle "CBM 178 Extra"]
[Source "ChessBase"]
[SourceDate "2017.06.22"]
[SourceVersion "1"]
[SourceVersionDate "2017.06.22"]
[SourceQuality "1"]

1. e4 e6 2. Nf3 d5 3. e5 c5 4. b4 cxb4 5. a3 bxa3 6. d4 Nc6 7. c3 Bd7 8. Bd3 Rc8 9. 0-0 Nh6 10. Bxh6 gxh6 11. Nxa3 a6 12. Nd2 b5 13. Nc2 Na5 14. f4 Rxc3 15. Nb1 Rc6 16. f5 exf5 17. Bxf5 Bxf5 18. Rxf5 Nc4 19. Qh5 Qc7 20. Nc3 Nb6 21. e6 Rxe6 22. Raf1 Re7 23. Nb4 Qxc3 24. Rxf7 Qxd4+ 25. Kh1 Kd7 26. Qf5+ Kc7 27. Nxa6+ Kb7 28. Rxf8 Kxa6 29. Rf6 Qe5 30. Qf2 d4 31. Qa2+ Kb7 32. Qa5 Qc5 33. Ra1 Na4 34. Qa6+ Kc7 35. Rxh6 Rhe8 36. Rf1 d3 37. Qf6 Re6 38. Rxh7+ Kb6 39. Qf4 Qd6 40. Qf3 R8e7 41. Rh5 Re5 42. Qf2+ Nc5 43. Rh4 Qe6 44. Rd4 Re1 0-1

[Event "GER-ch U16 Girls"]
[Site "Willingen"]
[Date "2017.06.04"]
[Round "1"]
[White "Kobald, Jacqueline"]
[Black "Poetsch, Leonore"]
[Result "1/2-1/2"]
[WhiteElo "1712"]
[BlackElo "1946"]
[PlyCount "122"]
[EventDate "2017.06.04"]
[EventType "swiss"]
[EventRounds "9"]
[EventCountry "GER"]
[SourceTitle "CBM 178 Extra"]
[Source "ChessBase"]
[SourceDate "2017.06.22"]
[SourceVersion "1"]
[SourceVersionDate "2017.06.22"]
[SourceQuality "1"]

1. e4 e6 2. d3 d5 3. Nd2 Nf6 4. Ngf3 Bc5 5. e5 Nfd7 6. d4 Be7 7. Bd3 c5 8. c3 Nc6 9. 0-0 0-0 10. Re1 Re8 11. Nf1 Nf8 12. Ng3 Bd7 13. a3 a5 14. b3 f6 15. exf6 Bxf6 16. Nh5 Be7 17. Ne5 Nxe5 18. dxe5 Kh8 19. Qg4 g6 20. Bh6 c4 21. Qf4 Kg8 22. Nf6+ Bxf6 23. exf6 Kf7 24. Bg7 cxd3 25. Qh6 e5 26. Bh8 Re6 27. Qg7+ Ke8 28. Re3 e4 29. h4 Qb6 30. Rb1 Rc8 31. Qg8 Qd6 32. Bg7 Bc6 33. Bxf8 Qxf8 34. Qxe6+ Kd8 35. a4 Kc7 36. Qe5+ Kb6 37. b4 axb4 38. Qd4+ Kc7 39. Rxb4 Qd6 40. f7 Qe7 41. Re1 Qxf7 42. Qe5+ Kd7 43. Rd4 Re8 44. Qg3 Qf5 45. c4 Kc8 46. cxd5 Bxd5 47. Rc1+ Bc6 48. Qd6 Qe6 49. Qc5 Qe5 50. Qb6 Qc7 51. Qb4 Qf4 52. Qc3 Rf8 53. Qe1 Kb8 54. a5 Qf6 55. Qe3 h6 56. a6 bxa6 57. Rb1+ Ka8 58. Rxe4 Qxf2+ 59. Qxf2 Rxf2 60. Kxf2 Bxe4 61. Ke3 Bxg2 1/2-1/2

[Event "GER-chT U20 Girls"]
[Site "Borken"]
[Date "2016.12.29"]
[Round "5.1"]
[White "Poetsch, Leonore"]
[Black "Peglau, Mirjam"]
[Result "1-0"]
[WhiteElo "1870"]
[BlackElo "1593"]
[PlyCount "59"]
[EventDate "2016.12.27"]
[EventType "team-swiss"]
[EventRounds "7"]
[EventCountry "GER"]
[SourceTitle "EXT 2018"]
[Source "ChessBase"]
[SourceDate "2017.10.13"]
[SourceVersion "1"]
[SourceVersionDate "2017.10.13"]
[SourceQuality "1"]
[WhiteTeam "Langen"]
[BlackTeam "Bannewitz"]
[WhiteTeamCountry "GER"]
[BlackTeamCountry "GER"]

1. e4 c5 2. Nf3 d6 3. d4 cxd4 4. Nxd4 Nf6 5. Nc3 g6 6. Be3 Bg7 7. Be2 0-0 8. Qd2 Nc6 9. f3 Bd7 10. 0-0-0 Qa5 11. g4 Rfc8 12. Nb3 Qd8 13. h4 h5 14. gxh5 Nxh5 15. Rdg1 Nb4 16. Kb1 Be6 17. f4 Bxb3 18. cxb3 Nf6 19. a3 Na6 20. h5 Nc5 21. Bxc5 Rxc5 22. hxg6 Rac8 23. gxf7+ Kxf7 24. Bc4+ d5 25. exd5 b5 26. Nxb5 Nxd5 27. Rh7 Rxb5 28. Rhxg7+ Kf6 29. R1g6+ Kf5 30. Bd3# 1-0